000 00752nam a2200241 i 4500
001 C2-0253138
003 PPAK
005 20180727220259.0
008 040205s2001 my |||| ||||| | may d
020 _a9836271503
040 _aPPAK
_beng
_cPPAK
_erda
082 0 4 _a113.0899923
_223
090 0 0 _a113.0899923
_bHAI
_dG
100 0 _aHairudin Harun,
_eauthor
245 1 0 _aKosmologi melayu dalam era teknologi maklumat :
_bantara akal budi Melayu dengan budaya fikir digital
264 1 _aAmpang, Selangor :
_bDewan Bahasa dan Pustaka ,
_c2001
300 _axi, 140 pages ;
_c24 cm
336 _2rdacontent
_atext
337 _2rdamedia
_aunmediated
338 _2rdacarrier
_avolume
650 1 0 _aPhilosophy, Malay ; Cosmology
942 _ddc
_cB
999 _c66052
_d66052